Most populous country and city in every subregion - Statistics

General Stats
  • This quiz has been taken 4,455 times
  • The average score is 36 of 46
Answer Stats
Region Country % Correct
Eastern Asia China
97%
Northern Asia Russia
97%
Eastern Europe Russia
97%
South Asia India
96%
Northern America United States
95%
Micronesia United States (Guam)
95%
Australia and New Zealand Australia
93%
South America Brazil
93%
Northern Africa Egypt
93%
Southern Africa South Africa
93%
Southeastern Asia Indonesia
92%
Central America Mexico
92%
Central America Mexico City
92%
Middle Africa D.R Congo
91%
Eastern Europe Moscow
91%
Western Africa Nigeria
91%
Southern Europe Italy
90%
Western Asia Turkey
90%
Western Europe Germany
89%
Northern Europe Sweden
89%
Northern Africa Cairo
87%
Northern America New York City
87%
Eastern Africa Ethiopia
86%
South Asia Delhi
85%
Australia and New Zealand Sydney
84%
Southeastern Asia Jakarta
83%
South America Sao Paulo
83%
Caribbean Haiti
82%
Western Asia Istanbul
82%
Western Africa Lagos
82%
Southern Africa Johannesburg
81%
Western Europe London
79%
Northern Europe Stockholm
79%
Eastern Asia Guangzhou
77%
Middle Africa Kinshasa
76%
Southern Europe Madrid
70%
Polynesia France (French Polynesia)
69%
Central Asia Uzbekistan
65%
Melanesia Papua New Guinea
63%
Caribbean Santo Domingo
62%
Eastern Africa Dar es Salaam
55%
Central Asia Tashkent
53%
Melanesia Port Moresby
47%
Northern Asia Novosibirsk
35%
Polynesia Papeete
18%
Micronesia Saipan or Chuuk
7%
No matching quizzes found
Score Distribution
Percent of People with Each Score
Percentile by Number Answered
Your Score History
You have not taken this quiz